[Event "Moscow7"]
[Site "Moscow"]
[Date "1995.??.??"]
[Round "?"]
[White "Belozerov, Andrei"]
[Black "Bondarenko, Vladimir"]
[Result "0-1"]
[WhiteElo "2325"]
[BlackElo "2310"]

1.d4 Nf6 2.c4 e6 3.Nf3 Bb4+ 4.Bd2 a5 5.g3 d5 6.Qc2 Nc6 7.a3 Bd6 8.Bg2 O-O
9.O-O dxc4 10.Qxc4 e5 11.dxe5 Nxe5 12.Nxe5 Bxe5 13.Bc3 Qe7 14.Rd1 c6 15.Bxe5 Qxe5
16.Nc3 Be6 17.Qd4 Qxd4 18.Rxd4 Rfd8 19.Rad1 Rxd4 20.Rxd4 Kf8 21.Na4 Nd7 22.f4 Ke7
23.e4 Rd8 24.e5 Bb3 25.Nc3 Nc5 26.Rxd8 Kxd8 27.Ne4 Nd3 28.Bf1 Nxb2 29.Nc5 a4
30.Nxb7+ Kc7 31.Nd6 Kb6 32.Be2 Kc5 33.Kf2 f6 34.Ke3 fxe5 35.fxe5 Kd5 36.Kf4 Bc2
37.h4 h6 38.h5 Bd1 39.Bxd1 Nxd1 40.Ne8 c5 41.Nxg7 c4 42.Nf5 c3 43.Ne3+ Nxe3
44.Kxe3 Kc4 45.e6 Kb3 46.e7 c2 47.e8=Q c1=Q+ 48.Kf2 Kxa3 49.Qf8+ Kb3 50.Qb8+ Ka2
51.Qg8+ Ka1 52.Kf3 Qd1+ 53.Ke4 Qe2+ 54.Kf4 Qxh5 55.Qc4 Qd1 56.Qc3+ Ka2 57.Qc4+ Qb3
58.Qe2+ Ka3 59.Kg4 Qg8+ 60.Kh4 Qd5 61.Qe3+ Kb4 62.Qb6+ Kc3 63.Qe3+ Qd3 64.Qe1+ Kb3
65.Kh5 a3 66.Qe6+ Kb2 67.Qb6+ Kc2 68.Qc6+ Kd1 69.Qa4+ Ke2 70.g4 Qe3 71.Qc2+ Ke1
72.Kg6 Qe6+ 73.Kg7 a2 74.Qc3+ Ke2 75.Qc2+ Kf3 76.Qd1+ Kg2 77.Qd2+ Kg3 78.Qd3+ Kh2
79.Qd2+ Kh3 80.Qd3+ Kg2 81.Qd2+ Kf1 82.Qf4+ Ke2 83.Qh2+ Kd3 84.Qh3+ Kd4 85.Qf1 Qxg4+
86.Kxh6 Qe6+ 87.Kg7 Qd7+ 88.Kh6  0-1

[Event "Moscow op"]
[Site "Moscow"]
[Date "1995.??.??"]
[Round "2"]
[White "Danielian, Oganes"]
[Black "Kalinin, Alexander"]
[Result "1/2-1/2"]
[WhiteElo "2455"]
[BlackElo "2380"]

1.d4 Nf6 2.c4 e6 3.Nf3 Bb4+ 4.Bd2 Qe7 5.g3 Nc6 6.Nc3 Bxc3 7.Bxc3 Ne4 8.Rc1 d6
9.Bg2 O-O 10.O-O Nxc3 11.Rxc3 e5 12.d5 Nd8 13.Qc2 c5 14.dxc6 bxc6 15.Rd1 f5
16.Qd2 Nf7 17.h4 Bb7 18.Ng5 Nxg5 19.hxg5 d5 20.cxd5 cxd5 21.Bxd5+ Bxd5 22.Qxd5+ Kh8
23.Qd6 Qxg5 24.Qxe5 Rae8 25.Qc5 Qg4 26.Rf3 Qa4 27.Ra1 Qa6 28.Rxf5 Rxf5 29.Qxf5 Qxe2
30.b3 Qb2  1/2-1/2

[Event "Moscow Petrosian"]
[Site "Moscow"]
[Date "1995.??.??"]
[Round "4"]
[White "Shipov, Sergei"]
[Black "Zagrebelny, Sergey"]
[Result "0-1"]
[WhiteElo "2510"]
[BlackElo "2510"]

1.d4 Nf6 2.c4 e6 3.Nf3 Bb4+ 4.Bd2 Qe7 5.g3 Nc6 6.Bg2 O-O 7.O-O Bxd2 8.Qxd2 d6
9.Nc3 e5 10.d5 Nb8 11.e4 a5 12.Ne1 c6 13.Nd3 Na6 14.a3 cxd5 15.cxd5 Bd7 16.Rfc1 a4
17.f3 Rfc8 18.Nd1 Qd8 19.Rxc8 Rxc8 20.Rc1 Qb6+ 21.Qf2 Qb3 22.Rxc8+ Bxc8 23.Nc3 Nd7
24.Nc1 Qc4 25.Bf1 Qc7 26.Qa7 Ndb8 27.Bb5 Bd7 28.Nd3 g6 29.Bxa6 Nxa6 30.Kf2 Kg7
31.Qe3 Qc4 32.Ke1 h6 33.Kd2 Qb3 34.Kc1 Nc7 35.Qa7 g5 36.h4 Bb5 37.Nf2 Ba6
38.hxg5 hxg5 39.Qe3 f6 40.Nfd1 Nb5 41.Nxb5 Qxb5 42.f4 Qc4+ 43.Kd2 exf4 44.gxf4 gxf4
45.Qf3 Qd4+ 46.Kc1 Qg1 47.Kd2 Qh2+ 48.Qf2 Qh6 49.Qf3 Qh4 50.Nf2 Qg3 51.Qg4+ Qxg4
52.Nxg4 Kg6 53.Nf2 Kg5 54.e5 fxe5 55.Ne4+ Kg4 56.Nxd6 Kf3 57.Nf7 Ke4 58.d6 Bb5
59.Ke1 Kd5 60.Kf2 Bc6  0-1

[Event "Moscow op2"]
[Site "Moscow"]
[Date "1995.??.??"]
[Round "5"]
[White "Naumkin, Igor"]
[Black "Rashkovsky, Nukhim N"]
[Result "1/2-1/2"]
[WhiteElo "2455"]
[BlackElo "2560"]

1.d4 Nf6 2.c4 e6 3.Nf3 Bb4+ 4.Bd2 a5 5.g3 b6 6.Bg2 Bb7 7.O-O O-O 8.Bf4 Be7
9.Qc2 Na6 10.Nc3 d5 11.Ne5 Qc8  1/2-1/2

[Event "RUS-chJ"]
[Site "Moscow"]
[Date "1995.??.??"]
[Round "5"]
[White "Korotylev, Alexey"]
[Black "Lugovoi, Aleksei"]
[Result "1/2-1/2"]
[WhiteElo "2445"]
[BlackElo "2485"]

1.d4 Nf6 2.c4 e6 3.Nf3 Bb4+ 4.Bd2 Qe7 5.g3 Nc6 6.Nc3 Bxc3 7.Bxc3 Ne4 8.Rc1 O-O
9.Bg2 d6 10.O-O Nxc3 11.Rxc3 e5 12.d5 Nb8 13.Nd2 a5 14.c5 Na6 15.cxd6 cxd6
16.Nc4 Qd8 17.a4 b6 18.f4 exf4 19.gxf4 f5 20.Qd4 Nc5 21.Rg3 Ra7 22.Bf3 Ba6
23.Kh1 Rff7 24.Rfg1 Qc7 25.Nd2 Qd7 26.b3 Qd8 27.Rg5 Qf8 28.h4 Rae7 29.R1g2 Rf6
30.h5  1/2-1/2

[Event "Moscow op"]
[Site "Moscow"]
[Date "1995.??.??"]
[Round "6"]
[White "Yanvarjov, Igor"]
[Black "Kalinin, Alexander"]
[Result "1/2-1/2"]
[WhiteElo "2425"]
[BlackElo "2380"]

1.d4 Nf6 2.c4 e6 3.Nf3 Bb4+ 4.Bd2 Qe7 5.g3 Nc6 6.Nc3 Bxc3 7.Bxc3 Ne4 8.Rc1 d6
9.Bg2 O-O 10.O-O Nxc3 11.Rxc3 e5 12.d5 Nb8 13.Nd2 a5 14.f4 Nd7 15.f5 Nf6
16.Ne4 Bd7 17.Nxf6+ Qxf6 18.Be4 Rfd8 19.Qd2 h6 20.h4 c5 21.Kg2 Kf8 22.Rcf3 Ke7
23.Rh1 h5 24.Qg5 Rh8 25.Rb3 b5 26.cxb5 a4 27.Rc3 Bxb5 28.Bf3 Bd7  1/2-1/2

[Event "Moscow op"]
[Site "Moscow"]
[Date "1995.??.??"]
[Round "9"]
[White "Kasimdzhanov, Rustam"]
[Black "Zagrebelny, Sergey"]
[Result "1/2-1/2"]
[WhiteElo "2395"]
[BlackElo "2510"]

1.d4 Nf6 2.c4 e6 3.Nf3 Bb4+ 4.Bd2 Qe7 5.g3 Nc6 6.Bg2 O-O 7.O-O Bxd2 8.Qxd2 d6
9.Nc3 e5 10.d5 Nb8 11.e4 a5 12.Ne1 c6 13.Nd3 cxd5 14.exd5 Bf5 15.Rae1 Qc7
16.b3 Nbd7 17.Nb2  1/2-1/2

[Event "Mravinci-A"]
[Site "Mravinci"]
[Date "1995.??.??"]
[Round "?"]
[White "Horvath, Csaba"]
[Black "Dizdarevic, Emir"]
[Result "1-0"]
[WhiteElo "2500"]
[BlackElo "2465"]

1.d4 Nf6 2.c4 e6 3.Nf3 Bb4+ 4.Bd2 Qe7 5.g3 O-O 6.Bg2 Bxd2+ 7.Qxd2 d6 8.Nc3 e5
9.O-O Re8 10.e4 Bg4 11.Ne1 Nc6 12.Nc2 exd4 13.Nxd4 Ne5 14.Nd5 Nxd5 15.cxd5 c5
16.dxc6 Nxc6 17.Nb5 Rad8 18.h3 Be6 19.Rfd1 Rd7 20.b3 a6 21.Nc3 Qd8 22.Rac1 Ne7
23.Kh2 Qb8 24.f4 f6 25.Qf2 Rc8 26.Qb6 Qc7 27.Qe3 Qc5 28.Qd2 Qb4 29.f5 Rdc7
30.fxe6 Rxc3 31.Rxc3 Rxc3 32.e5 fxe5 33.Qf2 Kh8 34.Qf8+ Ng8 35.e7  1-0

[Event "Nagykanizsa op "]
[Site "Nagykanizsa"]
[Date "1995.??.??"]
[Round "?"]
[White "Bagonyai, Attila"]
[Black "Zemerov, Vladimir"]
[Result "1/2-1/2"]
[WhiteElo "2260"]
[BlackElo "2430"]

1.d4 Nf6 2.c4 e6 3.Nf3 Bb4+ 4.Bd2 Qe7 5.g3 Nc6 6.Bg2 Bxd2+ 7.Nbxd2 d6 8.O-O a5
9.h3 e5 10.d5 Nb8 11.e4 Nbd7 12.b3 Nc5 13.Qe2 Bd7 14.a3 O-O 15.Ne1 c6 16.Nd3 b6
17.b4 Nxd3 18.Qxd3 axb4 19.axb4 Rfb8 20.Ra3 Rxa3 21.Qxa3 Ne8 22.Ra1 c5 23.b5 Qd8
24.Qb2 Ra8 25.Ra3 g6 26.Qa2 Rxa3 27.Qxa3 Qb8 28.Qa1 Nc7 29.Bf1 f6 30.Kh2 Kf7
31.Bd3 Qa8 32.Qxa8 Nxa8 33.Nb1  1/2-1/2

[Event "New York Marshall"]
[Site "New York"]
[Date "1995.??.??"]
[Round "4"]
[White "Sokolin, Leonid M"]
[Black "Adianto, Utut"]
[Result "1-0"]
[WhiteElo "2465"]
[BlackElo "2585"]

1.d4 Nf6 2.c4 e6 3.Nf3 Bb4+ 4.Bd2 a5 5.Nc3 b6 6.g3 Bb7 7.Bg2 O-O 8.O-O d5
9.cxd5 exd5 10.Ne5 h6 11.Rc1 Re8 12.Bf4 Nh5 13.Be3 Nf6 14.Qc2 c6 15.a3 Bd6
16.Bf4 Bxe5 17.dxe5 Nfd7 18.Qf5 Qe7 19.Rfd1 g5 20.Be3 Qxe5 21.Qh3 Qf6 22.Bd4 Qg6
23.f4 Nc5 24.f5 Qd6 25.f6 Qf8 26.b4 axb4 27.axb4 Nb3 28.Bxb6 Bc8 29.g4 Nd7
30.Rb1 Ra3 31.Bf2 Nxf6 32.Nxd5 cxd5 33.Rxb3 Bxg4 34.Qc3 Rxb3 35.Qxb3 Rxe2
36.Rf1 Ne4 37.Bd4 Nd2 38.Qg3 Be6 39.Ra1 Ne4 40.Qe5 Kh7 41.Bf3 Rd2 42.Ra8 f6
43.Qxe6 Qxa8 44.Bxe4+ dxe4 45.Qf7+  1-0

[Event "Nikolaev zt"]
[Site "Nikolaev"]
[Date "1995.??.??"]
[Round "5"]
[White "Borovikov, Vladislav"]
[Black "Itkis, Boris"]
[Result "1/2-1/2"]
[WhiteElo "2485"]
[BlackElo "2410"]

1.d4 Nf6 2.Nf3 e6 3.c4 Bb4+ 4.Bd2 Qe7 5.g3 Nc6 6.Nc3 O-O 7.Bg2 Bxc3 8.Bxc3 Ne4
9.Rc1 d6 10.d5 Nd8 11.O-O e5 12.Nd2 Nxc3 13.Rxc3 b6 14.b4 f5 15.c5 Nf7 16.e4 f4
17.Qe2 Bd7 18.Rfc1 Ng5 19.cxd6 cxd6 20.Rc7 Qe8 21.f3 fxg3 22.hxg3 Bb5 23.Qe3 Qg6
24.Kf2 Qh6 25.Rh1 Qf6 26.Re1 Qh6 27.Rh1 Qg6 28.Rhc1 Qh6  1/2-1/2

[Event "JUG-ch sf"]
[Site "Nis"]
[Date "1995.??.??"]
[Round "?"]
[White "Tesic, Dragan"]
[Black "Certic, Branimir"]
[Result "1/2-1/2"]
[WhiteElo "2335"]
[BlackElo "2435"]

1.d4 e6 2.Nf3 Nf6 3.c4 Bb4+ 4.Bd2 Qe7 5.g3 Nc6 6.Nc3 Bxc3 7.Bxc3 Ne4 8.Rc1 d6
9.Bg2 O-O 10.O-O Nxc3 11.Rxc3 e5 12.d5 Nb8 13.b4 a5 14.a3 Bd7 15.Qd2 Na6
16.Rb1 Bf5 17.Rb2 Qd7 18.e4 Bg6 19.Nh4 axb4 20.axb4 Qa4 21.Rc1 Nb8 22.f3 b6
23.Bh3 c5 24.b5 Qa7 25.Rcc2 Nd7 26.Ra2 Qc7 27.Rc3 Rab8 28.Rca3 Rb7 29.Bxd7 Qxd7
30.Ra8 f6 31.Rxf8+ Kxf8 32.Ra8+ Kf7 33.Qa2 f5 34.Qc2 fxe4 35.fxe4 Qe7 36.Qf2+ Qf6
37.Nxg6 Kxg6 38.Rf8 Qxf2+ 39.Kxf2 Rf7+  1/2-1/2

[Event "JUG-chT"]
[Site "Nis"]
[Date "1995.??.??"]
[Round "?"]
[White "Tosic, Miroslav"]
[Black "Pavlovic, Dragoljub"]
[Result "1/2-1/2"]
[WhiteElo "2420"]
[BlackElo "2340"]

1.d4 Nf6 2.c4 e6 3.Nf3 Bb4+ 4.Bd2 Qe7 5.g3 Nc6 6.Bg2 Bxd2+ 7.Nbxd2 O-O 8.O-O d6
9.e4 e5 10.d5 Nb8 11.Ne1 a5 12.Nd3 Na6 13.b3 Nd7 14.a3 Nac5 15.Nb2 c6 16.b4 axb4
17.axb4 Rxa1 18.Qxa1 Na6 19.Nd3 f5 20.Qc3 g6 21.Ra1 Nf6 22.Re1 Nxe4 23.Nxe4 fxe4
24.Bxe4 Nb8 25.f4 Nd7 26.fxe5 Nxe5 27.Nxe5 dxe5 28.Bg2 Re8 29.c5 b6 30.cxb6  1/2-1/2

[Event "JUG-chT"]
[Site "Nis"]
[Date "1995.??.??"]
[Round "?"]
[White "Abramovic, Bosko"]
[Black "Lazarevic, Slobodan"]
[Result "1/2-1/2"]
[WhiteElo "2520"]
[BlackElo "2295"]

1.d4 Nf6 2.Nf3 e6 3.c4 Bb4+ 4.Bd2 Qe7 5.g3 Nc6 6.Nc3 O-O 7.Bg2 Bxc3 8.Bxc3 Ne4
9.Qc2 Nxc3 10.Qxc3 d6 11.d5 Nd8 12.dxe6 Nxe6 13.O-O a5 14.e4 Nc5 15.Rfe1 f6
16.Nd4 Bd7 17.b3 g6 18.Rad1 Qe5 19.Qd2 Qh5 20.Ne2 Bc6 21.Nc3 b6 22.Re3 Rae8
23.Rde1 Qg4 24.Qc2 f5 25.exf5 Rxe3 26.Rxe3 Bxg2 27.Kxg2 Qxf5 28.Qxf5 Rxf5
29.Nd5 Rf7 30.h4 Kg7 31.g4 h6 32.Kg3 Na6 33.a3 Nb8 34.f4 Nc6 35.Re4 Na7 36.h5 gxh5
37.gxh5 c6 38.Ne3 Nc8 39.Re6 Rf6 40.Re8 Rf8 41.Rxf8 Kxf8 42.Nf5 b5 43.cxb5 cxb5
44.Kf3 d5 45.Ke3 Ne7 46.Nxh6 Kg7 47.Ng4 a4 48.bxa4 Nf5+ 49.Kd3 bxa4 50.Kc3 d4+
51.Kb4 Ne3 52.Nf2 Nd5+ 53.Kxa4 Nxf4 54.Kb4 Nxh5 55.a4 Nf6 56.a5 Kf7 57.a6 Ke7
58.Kc5 Ne8 59.Kc6 Kd8 60.Nd3 Nc7 61.a7 Kc8 62.Nc5 Na8 63.Ne4 Kd8 64.Nd6 Nc7
65.Kb7 d3 66.Nc4 Na8  1/2-1/2

[Event "JUG-chT"]
[Site "Nis"]
[Date "1995.??.??"]
[Round "?"]
[White "Abramovic, Bosko"]
[Black "Raicevic, Ivica"]
[Result "1/2-1/2"]
[WhiteElo "2520"]
[BlackElo "2385"]

1.d4 e6 2.Nf3 Nf6 3.c4 Bb4+ 4.Bd2 a5 5.g3 O-O 6.Bg2 b6 7.O-O c6 8.Bg5 Be7
9.Nbd2 d5 10.Qc2 Ba6 11.Rfe1 Nbd7 12.e4 Rc8 13.Rad1 h6 14.Bf4 b5 15.c5 Nxe4
16.Nxe4 dxe4 17.Rxe4 Nf6 18.Ree1 Nd5 19.Qd2 b4 20.Ne5 Bf6 21.Be4 g5 22.Be3 Bg7
23.Bb1 f5 24.Qc2 Bxe5 25.dxe5 Rb8 26.Rd4 Qc7 27.Bd2 Rf7 28.h4 Rg7 29.Qd1 Qf7
30.hxg5 hxg5 31.g4 Rf8 32.Qf3 Qe7 33.gxf5 exf5 34.Rxd5 cxd5 35.Qxd5+ Kh8
36.Qd6 Bb7 37.Qxe7 Rxe7 38.Bxg5 Rh7 39.f4 Rh1+ 40.Kf2 Rxe1 41.Kxe1 Kg7 42.Kd2 Bd5
43.a3 Kg6 44.axb4 axb4 45.Ke3 Rh8 46.Bd3 Rh2 47.Kd4 Be6 48.c6 Rxb2 49.c7 Rd2
50.Ke3 Rxd3+ 51.Kxd3 Kf7  1/2-1/2

[Event "JUG-chT"]
[Site "Nis"]
[Date "1995.??.??"]
[Round "?"]
[White "Antic, Dejan"]
[Black "Raicevic, Ivica"]
[Result "1-0"]
[WhiteElo "2375"]
[BlackElo "2385"]

1.d4 e6 2.c4 Nf6 3.Nf3 Bb4+ 4.Bd2 a5 5.g3 O-O 6.Bg2 d5 7.Qc2 c6 8.O-O b6
9.Bf4 Bd6 10.Bxd6 Qxd6 11.Nbd2 Nbd7 12.e4 Nxe4 13.Nxe4 dxe4 14.Qxe4 Ba6 15.Ne5 Rac8
16.Rfd1 Nf6 17.Qe3 c5 18.Rd2 Qc7 19.Rad1 Rfd8 20.dxc5 Rxd2 21.Rxd2 bxc5 22.b3 h5
23.h3 Bb7 24.Bxb7 Qxb7 25.Rd6 a4 26.bxa4 Qa8 27.Qd3 Ne4 28.Rd7 Ng5 29.Kh2 Qb8
30.Nf3 Nh7 31.Qd6 Qa8 32.Ne5 Ng5 33.Qd3 Qb8 34.Nc6 Qb2 35.Ne7+ Kf8 36.Qe3 Re8
37.h4 Nh7 38.Qxc5 Nf6 39.Nd5+ Kg8 40.Nxf6+ Qxf6 41.a5 Qf3 42.a6 Rb8 43.Qe3 Qc6
44.Qd3 Qxa6 45.Qf3 Rf8 46.c5 Qxa2 47.c6 Qa4 48.Rb7 Qc2 49.Kg2 e5 50.Re7 Qc5
51.Rd7 Qb5 52.Kh2 g6 53.Qf6 e4 54.Kg2 e3 55.fxe3 Qe2+ 56.Qf2 Qxf2+ 57.Kxf2 Rc8
58.Rd6 Kf8 59.e4 Ke7 60.e5 Ra8 61.Ke3 Ra1 62.Kd4 Rd1+ 63.Kc5 Rc1+ 64.Kb6 Rb1+
65.Ka6 Ra1+ 66.Kb7 Rb1+ 67.Kc8 Rb5 68.c7 Rxe5 69.Rb6 Rc5 70.Kb8 Kd7 71.Rb7  1-0

[Event "NLD-chT9596"]
[Site "?"]
[Date "1995.??.??"]
[Round "?"]
[White "Brenninkmeijer, Joris"]
[Black "Ligterink, Gert"]
[Result "1-0"]
[WhiteElo "2490"]
[BlackElo "2440"]

1.d4 Nf6 2.c4 e6 3.Nf3 Bb4+ 4.Bd2 Qe7 5.g3 Nc6 6.Nc3 Bxc3 7.Bxc3 Ne4 8.Rc1 d6
9.d5 Nxc3 10.Rxc3 Nd8 11.dxe6 Nxe6 12.Bg2 O-O 13.O-O a5 14.Ne1 Bd7 15.Nd3 Rab8
16.Re1 b5 17.cxb5 Bxb5 18.Qd2 Bxd3 19.Rxd3 Nc5 20.Re3 Qd7 21.b3 Rb4 22.Rc1 Qb5
23.Bd5 Qb6 24.Re7 c6 25.Bxf7+ Rxf7 26.Re8+  1-0

[Event "NLD-chT9596"]
[Site "?"]
[Date "1995.??.??"]
[Round "?"]
[White "Van der Vliet, Fred"]
[Black "Martens, Martin"]
[Result "0-1"]
[WhiteElo "2330"]
[BlackElo "2405"]

1.d4 Nf6 2.c4 e6 3.Nf3 Bb4+ 4.Bd2 Qe7 5.g3 Nc6 6.Bg2 Bxd2+ 7.Nbxd2 d6 8.e4 e5
9.d5 Nb8 10.b4 a5 11.a3 O-O 12.O-O Na6 13.Ne1 Bg4 14.f3 Bd7 15.Nd3 c6 16.dxc6 bxc6
17.Qc2 Rfe8 18.Qc3 Nc7 19.Nb3 axb4 20.axb4 h5 21.Rxa8 Nxa8 22.Ra1 h4 23.g4 Nc7
24.Qe1 Nh7 25.Qe3 Ne6 26.Ra7 Nhf8 27.Bf1 Qf6 28.c5 Ng5 29.Be2 d5 30.exd5 cxd5
31.Nf2 d4 32.Qd3 Rb8 33.Ra6 Nge6 34.c6 Bc8 35.c7 Rb7 36.Rc6 Rxc7 37.Rxc7 Nxc7
38.Nc5 Qb6 39.Qc4 Nfe6 40.Nfd3 Nxc5 41.Nxc5 Be6 42.Nxe6 Nxe6 43.Bd3 g6 44.Qd5 Qxb4
45.Qxe5 Qc5 46.Qe4 Qc1+ 47.Bf1 Qe3+ 48.Qxe3 dxe3 49.Bc4 Nf4 50.g5 Kg7 51.Kf1 f6
52.gxf6+ Kxf6 53.Ke1 Ke5 54.Ba6 Ne6 55.Kf1 Kf4 56.Bb7 Nd4 57.Kg2 h3+ 58.Kxh3  0-1

[Event "Novgorod op"]
[Site "Novgorod"]
[Date "1995.??.??"]
[Round "2"]
[White "Tunik, Gennady"]
[Black "Lugovoi, Aleksei"]
[Result "1/2-1/2"]
[WhiteElo "2530"]
[BlackElo "2485"]

1.d4 Nf6 2.c4 e6 3.Nf3 Bb4+ 4.Bd2 Qe7 5.g3 Nc6 6.Nc3 Bxc3 7.Bxc3 Ne4 8.Rc1 d6
9.d5 Nxc3 10.Rxc3 Nd8 11.dxe6 Nxe6 12.Bg2 O-O 13.O-O a5 14.Qc2 Bd7 15.Rd1 Bc6
16.Nd4 Nxd4 17.Rxd4 Bxg2 18.Kxg2 Rfe8 19.e3 b6 20.a4 Qe5 21.Rb3 Qf6 22.Rb5 Qg6
23.Qxg6 hxg6 24.h4 f6 25.Kf3 Re6 26.Ke2 Rae8 27.Kd3 Kf7 28.Rf4 Re5 29.Rd5 R8e6
30.Kc3 Re4 31.Rxe4 Rxe4 32.Kd3 Re8 33.Rb5 Ke6 34.e4 Rh8 35.f4 Rh5 36.Kd4 Rh8
37.Rb3 Rh5 38.Re3 Kd7 39.Re2 g5 40.hxg5 fxg5 41.Rg2 Rh1 42.e5 Ke6 43.exd6 Kxd6
44.Ke4 Re1+ 45.Kf5 gxf4 46.gxf4 Re7 47.Kg6 Kc5 48.b3 Kb4 49.Rg3 c5 50.f5 Ka3
51.Rf3 Kb4 52.Kh7 Rf7 53.Kg8 Re7 54.Kf8 Rd7 55.Rg3 Rc7 56.Rf3 Rd7 57.Rg3 Rc7
58.Rf3  1/2-1/2

[Event "Novgorod op"]
[Site "Novgorod"]
[Date "1995.??.??"]
[Round "4"]
[White "Danielian, Oganes"]
[Black "Dokuchaev, Aleksander"]
[Result "1-0"]
[WhiteElo "2455"]
[BlackElo "2395"]

1.d4 e6 2.c4 Nf6 3.Nf3 Bb4+ 4.Bd2 a5 5.g3 d5 6.Qc2 c6 7.Bg2 Be7 8.O-O b6
9.Bf4 Ba6 10.Ne5 O-O 11.Nd2 Nfd7 12.Nxd7 Nxd7 13.e4 Bb4 14.b3 Nf6 15.Rfd1 Qe7
16.Bg5 h6 17.Bxf6 Qxf6 18.Nf3 Rfd8 19.a3 Bf8 20.Ne5 Rac8 21.Rd3 Qe7 22.exd5 cxd5
23.Rf3 f6 24.Ng6 Qd6 25.Nf4 dxc4 26.Qg6 Qxd4 27.Re1 c3 28.Nxe6  1-0

[Event "Novgorod op"]
[Site "Novgorod"]
[Date "1995.??.??"]
[Round "6"]
[White "Danielian, Oganes"]
[Black "Razuvaev, Yuri S"]
[Result "1/2-1/2"]
[WhiteElo "2455"]
[BlackElo "2580"]

1.Nf3 Nf6 2.c4 e6 3.d4 Bb4+ 4.Bd2 c5 5.Bxb4 cxb4 6.Nbd2 O-O 7.e3 d6 8.Bd3 a5
9.O-O Qe7 10.Qc2 b6 11.Ne4 Nbd7  1/2-1/2

[Event "CRO-chT2"]
[Site "Opatija"]
[Date "1995.??.??"]
[Round "?"]
[White "Susnjar, Miroslav"]
[Black "Susak, Zeljko"]
[Result "1/2-1/2"]
[WhiteElo "2315"]
[BlackElo "2270"]

1.d4 Nf6 2.c4 e6 3.Nf3 Bb4+ 4.Bd2 Qe7 5.g3 Nc6 6.Bg2 O-O 7.O-O Bxd2 8.Qxd2 d6
9.Nc3 e5 10.d5 Nd8 11.e4 Ne8 12.Rae1 f5 13.exf5 Bxf5 14.Nd4 Bd7 15.f4 Nf7
16.f5 Nh6 17.Bh3 c6 18.Ne6 Bxe6 19.dxe6 Nf6 20.Rd1 Rad8 21.Qe3 a6 22.a4 Kh8
23.b4 Nhg4 24.Bxg4 Nxg4 25.Qe2 Nh6 26.Qe4 a5 27.b5 Rc8 28.h3 g6  1/2-1/2

[Event "Orense op"]
[Site "Orense"]
[Date "1995.??.??"]
[Round "4"]
[White "Matamoros Franco, Carlos S"]
[Black "Garcia Carbo, Marcial"]
[Result "1-0"]
[WhiteElo "2430"]
[BlackElo "2320"]

1.d4 Nf6 2.c4 e6 3.Nf3 Bb4+ 4.Bd2 a5 5.Nc3 Bxc3 6.Bxc3 Ne4 7.Qc2 Nxc3 8.Qxc3 d6
9.g3 O-O 10.Bg2 Qe7 11.O-O Nd7 12.e4 e5 13.Rfe1 g6 14.Rad1 f6 15.b3 Nb8 16.h3 c5
17.d5 Nd7 18.Qd2 b6 19.Nh2 Bb7 20.f4 a4 21.f5 axb3 22.axb3 Ra3 23.Qb2 Rfa8
24.Ra1 Rxa1 25.Rxa1 Qf8 26.Ng4 g5 27.Ne3 Rxa1+ 28.Qxa1 Qa8 29.Qxa8+ Bxa8
30.Bf3 Bb7 31.Nd1 Ba6 32.Nc3 Kf8 33.Bh5 Ke7 34.Kf2 Nb8 35.Ke3 Bc8 36.Na4 Bd7
37.Nxb6 Na6 38.Bf7 Kxf7 39.Nxd7 h5 40.Nb6 Ke7 41.Nc8+ Kd7 42.Na7 Nb4 43.Kd2 Kc7
44.Nb5+ Kd7 45.Na3 Kc7 46.Nc2 Na2 47.Ne3 Kd7 48.Nd1 Kc7 49.Kc2 Kb6 50.Nf2 Nb4+
51.Kd2  1-0

[Event "Osterskars op"]
[Site "Osterskars"]
[Date "1995.??.??"]
[Round "9"]
[White "Tisdall, Jonathan D"]
[Black "Lechtynsky, Jiri"]
[Result "1-0"]
[WhiteElo "2500"]
[BlackElo "2435"]

1.d4 Nf6 2.c4 e6 3.Nf3 Bb4+ 4.Bd2 Qe7 5.Nc3 O-O 6.g3 Bxc3 7.Bxc3 Ne4 8.Rc1 a5
9.Bg2 Nc6 10.O-O Nxc3 11.Rxc3 d6 12.Qa4 Bd7 13.c5 Nb4 14.Qb3 Bc6 15.Nd2 Bxg2
16.Kxg2 Qd7 17.Nf3 Nd5 18.Rc2 a4 19.Qc4 c6 20.a3 Nc7 21.cxd6 Qxd6 22.Qc5 Qxc5
23.Rxc5 Rfd8 24.e3 Rd5 25.Rfc1 Ra5 26.Rxa5 Rxa5 27.Ne5 Rb5 28.Rc2 Rb3 29.Kf1 f6
30.Nc4 Kf7 31.Nd2 Rb5 32.Ne4 Ke7 33.Nc5 Nd5 34.Nxa4 Kd6 35.Ke2 b6 36.b4 f5
37.Rc4 g5 38.f4 h6 39.Kd3 g4 40.Ke2 h5 41.Kd3 Kd7 42.Rc1 Kd6 43.Rh1 c5 44.dxc5+ bxc5
45.Nxc5 Nxb4+ 46.axb4 Rxb4 47.Rc1 Rb2 48.e4 Rxh2 49.e5+ Ke7 50.Ra1 Rh3 51.Ra7+ Ke8
52.Nxe6 Rxg3+ 53.Kd4 h4 54.Ng7+  1-0

[Event "Pardubice op"]
[Site "Pardubice"]
[Date "1995.??.??"]
[Round "?"]
[White "Jirovsky, Pavel"]
[Black "Gipslis, Aivars"]
[Result "1/2-1/2"]
[WhiteElo "2315"]
[BlackElo "2445"]

1.d4 Nf6 2.Nf3 e6 3.c4 Bb4+ 4.Bd2 Qe7 5.g3 Nc6 6.Bg2 Bxd2+ 7.Nbxd2 d6 8.O-O a5
9.e4 e5 10.d5 Nb8 11.Ne1 Bg4 12.f3 Bd7 13.Nd3 Na6 14.f4 O-O 15.Qe2 Nc5 16.Nxc5 dxc5
17.f5 Ne8 18.Qe3 f6 19.g4 b6 20.Rac1 Nd6 21.Bf3 Kf7 22.Kf2 Ke8 23.a3 a4 24.Rg1 Kd8
25.Rg3 Kc8 26.Rcg1 g6 27.h4 Kb7 28.R3g2 Rf7 29.Ke1 Rg8 30.Kf2 Kb8 31.Bd1 Rfg7
32.h5 gxh5 33.gxh5 Rxg2+ 34.Rxg2 Rxg2+ 35.Kxg2 Qg7+ 36.Kh3 Nf7 37.Nf3 Kc8
38.Be2 Kd8 39.Bd1 Ke7 40.Be2 Be8 41.Bd1 Kf8 42.Be2 h6 43.Bd1 Nd6 44.Nd2 Qg5
45.Qxg5 hxg5 46.Kg3 Kg7 47.Kf2 Kh6 48.Ke3 Bxh5  1/2-1/2

[Event "Pardubice op"]
[Site "Pardubice"]
[Date "1995.??.??"]
[Round "?"]
[White "Bagaturov, Giorgi"]
[Black "Macieja, Bartlomiej"]
[Result "1-0"]
[WhiteElo "2465"]
[BlackElo "2395"]

1.d4 Nf6 2.c4 e6 3.Nf3 Bb4+ 4.Bd2 Qe7 5.g3 Nc6 6.Nc3 d5 7.Bg2 O-O 8.a3 Bxc3
9.Bxc3 Ne4 10.Qc2 b6 11.b4 Nb8 12.O-O Bb7 13.Bb2 Nd6 14.Nd2 dxc4 15.Bxb7 Nxb7
16.Nxc4 Nd7 17.e4 b5 18.Ne3 Nb6 19.d5 exd5 20.Bxg7 Qxe4 21.Qxe4 dxe4 22.Bxf8 Kxf8
23.Rfc1 Rc8 24.Rc6 Nd6 25.Rac1 Nbc4 26.Nxc4 bxc4 27.Rd1 Re8 28.Rxc7 Re6 29.Rd5  1-0

[Event "Paris op"]
[Site "Paris"]
[Date "1995.??.??"]
[Round "?"]
[White "Ikonnikov, Vyacheslav"]
[Black "Knezevic, Bojan"]
[Result "1/2-1/2"]
[WhiteElo "2555"]
[BlackElo "2390"]

1.d4 Nf6 2.Nf3 e6 3.c4 Bb4+ 4.Bd2 a5 5.g3 d5 6.Bg2 Nc6 7.O-O dxc4 8.Bc3 Rb8
9.Nbd2 b5 10.a4 Ba6 11.axb5 Bxb5 12.Re1 Nd5 13.Qc2 O-O 14.e4 Nb6 15.e5 Be7
16.Ne4 Nb4 17.Qd2 Nd3 18.Red1 a4 19.Ne1 Nxe1 20.Qxe1 Nd5 21.h4 Ra8 22.Nc5 Bc6
23.Rdc1 Ra7 24.Qf1 Qa8 25.Qxc4 Nb6 26.Qf1 Bxg2 27.Qxg2 Bxc5 28.Qxa8 Rfxa8
29.dxc5 Nd5 30.Ra3 Rb7 31.c6 Rb5 32.Raa1 Nxc3 33.Rxc3 Rxb2 34.Raa3 Rb6 35.Rc4 h5
36.Kg2 Raa6 37.Raxa4 Rxa4 38.Rxa4 Rxc6 39.Kf3 Rc2 40.Ke3 Kf8 41.f3 Ke7 42.Ra8 Rc5
43.Ke4 f6 44.exf6+ gxf6 45.Rh8 Re5+ 46.Kf4 c5 47.g4 hxg4 48.fxg4 Re1 49.h5 Rf1+
50.Kg3 Kd6 51.h6 Rh1 52.Kg2 Rh4 53.Kg3 Rh1 54.Kg2 Rh4 55.Kg3  1/2-1/2

[Event "Paris op"]
[Site "Paris"]
[Date "1995.??.??"]
[Round "?"]
[White "Guyard, Bertrand"]
[Black "Ikonnikov, Vyacheslav"]
[Result "1-0"]
[WhiteElo "2205"]
[BlackElo "2555"]

1.d4 Nf6 2.c4 e6 3.Nf3 Bb4+ 4.Bd2 Qe7 5.g3 Nc6 6.Bg2 Bxd2+ 7.Nbxd2 d6 8.O-O a5
9.e4 e5 10.d5 Nb8 11.Ne1 O-O 12.Nd3 Na6 13.Qe2 c6 14.Rfc1 Bd7 15.Qe3 c5 16.h3 g6
17.f4 Nh5 18.fxe5 dxe5 19.g4 Ng7 20.Nf3 f5 21.exf5 gxf5 22.Qxe5 Qd8 23.g5 Qb6
24.Re1 Nb4 25.Nxb4 axb4 26.Qf4 Rae8 27.Re5 Nh5 28.Qh4 Qg6 29.Rae1 f4 30.Re7 Rxe7
31.Rxe7 Be8 32.Qe1 Ng7 33.Qe5 b5 34.Kh2 Nf5 35.Re6 Qg7 36.Rxe8 bxc4 37.Qe6+ Kh8
38.Ne5 Nd6 39.Rxf8+ Qxf8 40.Qxd6 Qxd6 41.Nf7+  1-0

[Event "Polanica Zdroj op"]
[Site "Polanica Zdroj"]
[Date "1995.??.??"]
[Round "3"]
[White "Jasnikowski, Zbigniew"]
[Black "Perdek, Miroslaw"]
[Result "1-0"]
[WhiteElo "2425"]
[BlackElo "2295"]

1.d4 Nf6 2.Nf3 e6 3.c4 Bb4+ 4.Bd2 Qe7 5.Nc3 b6 6.g3 Bb7 7.Bg2 O-O 8.O-O d6
9.Qc2 Nbd7 10.Rfe1 Bxc3 11.Bxc3 Be4 12.Qd1 e5 13.h3 Bb7 14.Nd2 Rfe8 15.d5 c6
16.e4 b5 17.dxc6 Bxc6 18.cxb5 Bxb5 19.a4 Bc6 20.b4 d5 21.b5 Bb7 22.Bb2 Qb4
23.Ba3 Qa5 24.Nb3 Qxa4 25.Bf1 Nxe4 26.Bc5 Qxa1 27.Qxa1 Nexc5 28.Nxc5 Nxc5
29.Rxe5 Ne6 30.Bg2 Red8 31.Qa2 a6 32.b6 Rd6 33.Qa5 Rad8 34.h4 h6 35.Re1 Nd4
36.Qc5 Ne6 37.Qb4 R8d7 38.Rc1 Kh7 39.Rc7 Rxb6 40.Qxb6 Rxc7 41.f4 g6 42.h5 Bc8
43.hxg6+ fxg6 44.Bxd5 Rc1+ 45.Kf2 Ng7 46.Bf7 Bf5 47.g4 Be4 48.Qb8  1-0

[Event "Polanica Zdroj op"]
[Site "Polanica Zdroj"]
[Date "1995.??.??"]
[Round "5"]
[White "Grabarczyk, Miroslaw"]
[Black "Kislov, Mikhail"]
[Result "1-0"]
[WhiteElo "2445"]
[BlackElo "2395"]

1.d4 Nf6 2.c4 e6 3.Nf3 Bb4+ 4.Bd2 Qe7 5.g3 O-O 6.Bg2 Bxd2+ 7.Qxd2 Nc6 8.Nc3 d6
9.Rc1 Re8 10.O-O e5 11.Nd5 Qd8 12.dxe5 Nxe5 13.Rfd1 Bg4 14.Nxe5 Rxe5 15.Re1 Nxd5
16.cxd5 a5 17.Rc4 Qd7 18.Qc3 Rc8 19.e3 Bh3 20.Qxa5 c5 21.dxc6 bxc6 22.Qc3 Bxg2
23.Kxg2 Rh5 24.h4 d5 25.Rf4 c5 26.Rd1 Qe6 27.Qa5 h6 28.Qd2 Re5 29.Rc1 g5
30.hxg5 hxg5 31.Ra4 Qc6 32.Rd4 Qe6 33.Qc3 Kg7 34.b4 cxd4 35.Qxc8 dxe3 36.Qxe6 fxe6
37.fxe3 Rxe3 38.Rc2 d4 39.b5 Rc3 40.Rd2 Rc4 41.a3 Rc3 42.Rxd4 Rxa3 43.Rb4 Ra7
44.b6 Rb7 45.Kf3 Kf6 46.Ke4 Kf7 47.g4  1-0

[Event "Polanica Zdroj op"]
[Site "Polanica Zdroj"]
[Date "1995.??.??"]
[Round "6"]
[White "Kula, Robert"]
[Black "Grabarczyk, Miroslaw"]
[Result "1/2-1/2"]
[WhiteElo "2350"]
[BlackElo "2445"]

1.d4 Nf6 2.c4 e6 3.Nf3 Bb4+ 4.Bd2 Qe7 5.e3 Bxd2+ 6.Qxd2 d6 7.Be2 e5 8.O-O O-O
9.Nc3 c6 10.Rfd1 Re8 11.a3 Bf5 12.b4 Nbd7 13.Nh4 Bg6 14.Nxg6 hxg6 15.dxe5 dxe5  1/2-1/2